000 00628nam a22002177a 4500
999 _c20609
_d20609
003 AR-CdUCM
008 190307b ||||| |||| 00| 0 esp d
020 _aISBN
040 _aMUNICIPALIDAD PROVINCIAL DEL CUSCO
_cBIBLIOTECA MUNICIPAL DEL CUSCO
082 _a868.6 /
_bAL36
100 _aAlberti, Rafael
_98832
245 _aPrimera imagen de... /
260 _aBuenos Aires :
_bLosada,
_c1945.
300 _a175 páginas ;
_c18 cm.
440 _aBiblioteca contemporánea
_927761
505 _aContenido : Literatura.
650 _aTeatro español
_9648
650 _aSiglo XX
_98
942 _2ddc
_cLIBROS
945 _arcc